|
|
|
|
| LEADER |
00000nab a2200000ua 4500 |
| 001 |
vtls010783551 |
| 003 |
SK-MaSNL |
| 005 |
20260225191403.0 |
| 008 |
230131s1958 xo |||||||||||||||||slo| |
| 035 |
|
|
|a (urnnbn)urn:nbn:sk:snk:ar-a000e3
|
| 035 |
|
|
|a (uuid)2b439d27-3af6-4792-b780-268305b0afe5
|
| 035 |
|
|
|a urn:nbn:sk:snk-ab4yki
|
| 040 |
|
|
|a SNKBUCL
|b slo
|c SNKBUCL
|e AACR2
|
| 041 |
0 |
|
|a slo
|
| 044 |
|
|
|a xo
|c SK
|
| 245 |
0 |
0 |
|a Školské včelárske záujmové krúžky (ŠVZK)
|
| 773 |
0 |
|
|t Včelár : odborný časopis Povereníctva poľnohospodárstva a lesného hospodárstva a Ústredia včelárskych združení na Slovensku
|g Roč. 32, č. 9 (1958), s. [121]
|
| 954 |
|
|
|a odborná, vedecká literatúra pôvodná (slovenská)
|2 lita
|
| 958 |
|
|
|a OND
|
| 958 |
|
|
|a EUIPO
|
| 958 |
|
|
|a article3
|
| 999 |
|
|
|c 1908011
|d 1909941
|